Specification for asphalt cements and liquid asphalts (Record no. 545129)

000 -LEADER
fixed length control field 00421nam a22001337a 4500
082 ## - DEWEY DECIMAL CLASSIFICATION NUMBER
Classification number 620.196
Author Mark ASP
-- D
100 ## - MAIN ENTRY--PERSONAL NAME
Personal name The asphalt institute
9 (RLIN) 20237
245 ## - TITLE STATEMENT
Title Specification for asphalt cements and liquid asphalts
Statement of responsibility, etc. The asphalt institute
260 ## - PUBLICATION, DISTRIBUTION, ETC.
Place of publication, distribution, etc. Maryland
Name of publisher, distributor, etc. Th asphalt institute
Date of publication, distribution, etc. 1972
300 ## - PHYSICAL DESCRIPTION
Extent 45 p,:
526 ## - STUDY PROGRAM INFORMATION NOTE
Program name 0
Interest level 0
Reading level 0
Title point value 620_196000000000000_ASP
700 ## - ADDED ENTRY--PERSONAL NAME
Personal name The asphalt institute
9 (RLIN) 20237
942 ## - ADDED ENTRY ELEMENTS (KOHA)
Source of classification or shelving scheme
Koha item type Book
Holdings
Withdrawn status Lost status Source of classification or shelving scheme Damaged status Not for loan Permanent Location Current Location Date acquired Total Checkouts Full call number Barcode Date last seen Price effective from Koha item type
          Military College of Engineering (MCE) Military College of Engineering (MCE) 05/19/2014   620.196 ASP MCE-42574 05/19/2014 05/19/2014 Book
© 2023 Central Library, National University of Sciences and Technology. All Rights Reserved.